Modern languages across the curriculum (Record no. 1386651)

MARC details
000 -LEADER
fixed length control field 00571nam a2200205Ia 4500
005 - DATE AND TIME OF LATEST TRANSACTION
control field 20250508164027.0
008 - FIXED-LENGTH DATA ELEMENTS--GENERAL INFORMATION
fixed length control field 008 250505s9999 xx 000 0 eng d
020 ## - INTERNATIONAL STANDARD BOOK NUMBER
International Standard Book Number 0-415-25483-3
037 ## - SOURCE OF ACQUISITION
Stock number Textual
040 ## - CATALOGING SOURCE
Original cataloging agency FEDL
Language of cataloging eng
Transcribing agency FEDL
041 ## - LANGUAGE CODE
Language code of text/sound track or separate title eng
Source of code eng
084 ## - COLON CLASSIFICATION NUMBER
Classification number 418.0071, GRE
Assigning agency FEDL
100 ## - MAIN ENTRY--PERSONAL NAME
Personal name Grenfell Michael Ed.
9 (RLIN) 436831
245 #0 - TITLE STATEMENT
Title Modern languages across the curriculum
260 ## - PUBLICATION, DISTRIBUTION, ETC.
Place of publication, distribution, etc. London, UK
Name of publisher, distributor, etc. Routledge Falmer
Date of publication, distribution, etc. 2002
300 ## - PHYSICAL DESCRIPTION
Extent vi
365 ## - TRADE PRICE
Price type code GBP
Price amount 17.99
942 ## - ADDED ENTRY ELEMENTS (KOHA)
Koha item type Textual
Classification part 418.0071, GRE
Holdings
Withdrawn status Lost status Damaged status Not for loan Home library Current library Date acquired Cost, normal purchase price Total Checkouts Full call number Barcode Date last seen Price effective from Koha item type
        Department of Education Library Department of Education Library 2025-05-08 17.99   418.0071, GRE EL0080256 2025-05-08 2025-05-08 Textual
Copyright @ Delhi University Library System